Escritos contables (Registro nro. 8577)
[ vista simple ]
| 000 -LEADER | |
|---|---|
| fixed length control field | 01517nas a2200253 454500 |
| 001 - CONTROL NUMBER | |
| control field | 24492 |
| 005 - DATE AND TIME OF LATEST TRANSACTION | |
| control field | 20260407193506.0 |
| 008 - FIXED-LENGTH DATA ELEMENTS--GENERAL INFORMATION | |
| fixed length control field | 260407s1964####ag###########|||spa#d |
| 003 - CONTROL NUMBER IDENTIFIER | |
| control field | AR-UNSa-BCEJYS |
| 040 ## - CATALOGING SOURCE | |
| Original cataloging agency | AR-UNSa-BCEJYS |
| Language of cataloging | spa |
| Transcribing agency | AR-UNSa-BCEJYS |
| 080 ## - UNIVERSAL DECIMAL CLASSIFICATION NUMBER | |
| Universal Decimal Classification number | 657 |
| Common auxiliary subdivision | Contabilidad |
| 022 ## - INTERNATIONAL STANDARD SERIAL NUMBER | |
| International Standard Serial Number | 1514-4275 |
| 100 1# - MAIN ENTRY--PERSONAL NAME | |
| Personal name | Universidad Nacional del Sur. Departamento de Ciencias Económicas. Centro de Estudios de Administración |
| 245 10 - TITLE STATEMENT | |
| Title | Escritos contables |
| 264 #1 - PRODUCTION, PUBLICATION, DISTRIBUTION, MANUFACTURE, AND COPYRIGHT NOTICE | |
| Place of production, publication, distribution, manufacture | Bahía Blanca : |
| Name of producer, publisher, distributor, manufacturer | Universidad Nacional del Sur. Departamento de Ciencias Económicas |
| Date of production, publication, distribution, manufacture, or copyright notice | 1964 |
| 310 ## - CURRENT PUBLICATION FREQUENCY | |
| Current publication frequency | Frecuencia: Semestral |
| 505 ## - FORMATTED CONTENTS NOTE | |
| Formatted contents note | Escritos contables y de administración es una publicación semestral del Departamento de Ciencias de la Administración de la Universidad Nacional del Sur. Ha sido editada desde 1964 hasta 2005 bajo el nombre de Escritos contables, y en su continuación busca contribuir al avance y divulgación del conocimiento científico y técnico de la Contabilidad, Administración y demás disciplinas afines. Sus objetivos incluyen difundir los resultados de investigaciones tanto teóricas como aplicadas, comunicar al ámbito académico y profesional los avances relevantes y fomentar la visibilidad de las investigaciones locales. |
| 590 ## - LOCAL NOTE (RLIN) | |
| Local note | niveau_biblio:s niveau_hierar:1 |
| 650 ## - SUBJECT ADDED ENTRY--TOPICAL TERM | |
| Topical term or geographic name entry element | CONTABILIDAD |
| 650 ## - SUBJECT ADDED ENTRY--TOPICAL TERM | |
| Topical term or geographic name entry element | Investigación económica |
| 650 ## - SUBJECT ADDED ENTRY--TOPICAL TERM | |
| Topical term or geographic name entry element | ECONOMIA |
| 856 41 - ELECTRONIC LOCATION AND ACCESS | |
| Uniform Resource Identifier | <a href="https://biblioeco.unsa.edu.ar/pmb/images/revistas/Escritos Contables.jpg">https://biblioeco.unsa.edu.ar/pmb/images/revistas/Escritos Contables.jpg</a> |
| Link text | Imagen de portada |
| Electronic format type | image/jpeg |
| 942 ## - ADDED ENTRY ELEMENTS (KOHA) | |
| Koha item type | |
| Withdrawn status | Lost status | Damaged status | Not for loan | Home library | Current library | Shelving location | Date acquired | Serial enumeration / chronology | Total checkouts | Full call number | Barcode | Date last seen | Price effective from | Koha item type |
|---|---|---|---|---|---|---|---|---|---|---|---|---|---|---|
| Biblioteca Prof. Eusebio Cleto del Rey | Biblioteca Prof. Eusebio Cleto del Rey | 01/01/2003 | Nº 44 - ene./dic. 2003 | H657 UNI 44 | R11824 | 10/04/2026 | 10/04/2026 | Numero | ||||||
| Biblioteca Prof. Eusebio Cleto del Rey | Biblioteca Prof. Eusebio Cleto del Rey | 01/01/2002 | Nº 43 - ene./dic. 2002 | H657 UNI 43 | R11953 | 10/04/2026 | 10/04/2026 | Numero | ||||||
| Biblioteca Prof. Eusebio Cleto del Rey | Biblioteca Prof. Eusebio Cleto del Rey | 01/01/2000 | Nº 40 - ene./dic. 2000 | H657 UNI 40 | R11952 | 10/04/2026 | 10/04/2026 | Numero | ||||||
| Biblioteca Prof. Eusebio Cleto del Rey | Biblioteca Prof. Eusebio Cleto del Rey | 01/01/1998 | Nº 37 - ene./dic. 1998 | H657 UNI 37 | R11823 | 10/04/2026 | 10/04/2026 | Numero | ||||||
| Biblioteca Prof. Eusebio Cleto del Rey | Biblioteca Prof. Eusebio Cleto del Rey | 01/01/1988 | Año XXII/XXIII, Nº 33 - ene./dic. 1988 | H657 UNI 33 | R11822 | 10/04/2026 | 10/04/2026 | Numero | ||||||
| Biblioteca Prof. Eusebio Cleto del Rey | Biblioteca Prof. Eusebio Cleto del Rey | 01/01/1986 | Año XX/XXI, Nº 32 - ene./dic. 1986 | H657 UNI 32 | R11821 | 10/04/2026 | 10/04/2026 | Numero | ||||||
| Biblioteca Prof. Eusebio Cleto del Rey | Biblioteca Prof. Eusebio Cleto del Rey | 01/01/1985 | Año XVIII/XIX, Nº 31 - ene./dic. 1985 | H657 UNI 31 | R11820 | 10/04/2026 | 10/04/2026 | Numero | ||||||
| Biblioteca Prof. Eusebio Cleto del Rey | Biblioteca Prof. Eusebio Cleto del Rey | 01/01/1983 | Año XVI/XVII, Nº 30 - ene./dic. 1983 | H657 UNI 30 | R11819 | 10/04/2026 | 10/04/2026 | Numero | ||||||
| Biblioteca Prof. Eusebio Cleto del Rey | Biblioteca Prof. Eusebio Cleto del Rey | 01/07/1977 | Año X, Nº 25 - jul./dic. 1977 | H657 UNI 25 | R11818 | 10/04/2026 | 10/04/2026 | Numero | ||||||
| Biblioteca Prof. Eusebio Cleto del Rey | Biblioteca Prof. Eusebio Cleto del Rey | 01/01/1976 | Año IX, Nº 22 - ene./jun. 1976 | H657 UNI 22 | R11813 | 10/04/2026 | 10/04/2026 | Numero |